000 00564nam a2200229Ia 4500
003 OSt
005 20221007082435.0
006 a|||||r|||| 00| 0
007 ta
008 221006b |||||||| |||| 00| 0 eng d
024 _a21,181
037 _cTextual
040 _aFLL
_cFLL
_beng
041 _2eng
_aeng
082 _aZ(Q2), M0.2
100 _aRaghvacha R.
_9699087
245 0 _aHindu law
_b Principles and precedents
250 _a7th
260 _c1980
942 _hZ(Q2), M0.2
_cTEXL
_2CC
999 _c1166434
_d1166434